|
|
|
|
| LEADER |
00000nab a2200000ua 4500 |
| 001 |
vtls010770578 |
| 003 |
SK-MaSNL |
| 005 |
20260303123351.0 |
| 008 |
230214s1949 xo |||||||||||||||||slo| |
| 035 |
|
|
|a (urnnbn)urn:nbn:sk:snk:ar-a03kmw
|
| 035 |
|
|
|a (uuid)75321bde-5af0-4533-a292-36d659a1e998
|
| 035 |
|
|
|a urn:nbn:sk:snk-ab5c1y
|
| 040 |
|
|
|a SNKBUCL
|b slo
|c SNKBUCL
|e AACR2
|
| 041 |
0 |
|
|a slo
|
| 044 |
|
|
|a xo
|c SK
|
| 100 |
1 |
|
|a Uram, Ján
|4 aut
|9 277249
|
| 245 |
1 |
0 |
|a Acrodermatitis atroficans alternans Pick - Herxheimer
|c Ján Uram
|
| 773 |
0 |
|
|t Bratislavské lekárske listy
|g Roč. 29, č. 5 (1949), s. 494-496
|
| 954 |
|
|
|a odborná, vedecká literatúra pôvodná (slovenská)
|2 lita
|
| 958 |
|
|
|a OND
|
| 958 |
|
|
|a EUIPO
|
| 958 |
|
|
|a article3
|
| 999 |
|
|
|c 1925463
|d 1927393
|